000 00380nam a2200169Ia 4500
001 9549
003 GE_BSU
008 181216s||||||||xx |||||||||||||| ||und||
040 _cGE_BSU
245 4 _aThe Economist, april 19th-25th 2014.
245 _bvolume 411 number 8883
260 _aLondon
260 _c2014
300 _a82p;27cm.
653 _aThe Economist
942 _cCR
999 _c42843
_d42843